[Event "AUT-ch 2018"]
[Site "Vienna"]
[Date "2018.07.26"]
[Round "6"]
[White "Goessler, Markus"]
[Black "Vitouch, Anatol"]
[Result "0-1"]
[WhiteElo "2190"]
[BlackElo "2317"]
[Annotator "NA"]
[PlyCount "86"]
[EventDate "2018.07.22"]
[EventType "swiss"]
[EventCountry "AUT"]
[SourceTitle "playchess.com"]
[Source "ChessBase"]
[SourceQuality "1"]
[TimeControl "40/5400+30:1800+30"]

1. e4 {[%emt 0:00:00]} e6 {[%emt 0:00:03]} 2. d4 {[%emt 0:00:00]} d5 {[%emt 0:00:04]} 3. Nd2 {[%emt 0:00:00]} c5 {[%emt 0:00:04]} 4. exd5 {[%emt 0:00:14]} exd5 {[%emt 0:00:05]} 5. Ngf3 {[%emt 0:00:10]} a6 {[%emt 0:00:13]} 6. Be2 {[%emt 0:00:33]} Nf6 {[%emt 0:00:48]} 7. O-O {[%emt 0:00:16]} Be7 {[%emt 0:00:25]} 8. dxc5 {[%emt 0:00:38]} Bxc5 {[%emt 0:00:22]} 9. Nb3 {[%emt 0:00:11]} Bb6 {[%emt 0:00:45]} 10. Qd3 {[%emt 0:02:47]} O-O {[%emt 0:01:33]} 11. Be3 {[%emt 0:00:17]} Bc7 {[%emt 0:09:31]} 12. c3 {[%emt 0:09:24]} Bg4 {[%emt 0:05:08]} 13. h3 {[%emt 0:14:06]} Bh5 {[%emt 0:00:28]} 14. Bd4 {[%emt 0:22:10]} Nbd7 {[%emt 0:08:44]} 15. Nh4 {[%emt 0:08:31]} Bxe2 {[%emt 0:06:40]} 16. Qxe2 {[%emt 0:00:02]} Re8 {[%emt 0:11:08]} 17. Qf3 {[%emt 0:06:27]} Ne5 {[%emt 0:01:12]} 18. Bxe5 {[%emt 0:01:07]} Rxe5 {[%emt 0:00:44]} 19. Nf5 {[%emt 0:02:18]} Ne4 {[%emt 0:03:37]} 20. Ne3 {[%emt 0:20:55]} Qd6 {[%emt 0:10:08]} 21. Rfd1 {[%emt 0:03:22]} Rg5 {[%emt 0:01:41]} 22. Nf1 {[%emt 0:00:29]} Qg6 {[%emt 0:08:06]} 23. Nd4 {[%emt 0:01:51]} Re8 {[%emt 0:01:20]} 24. Re1 {[%emt 0:01:34]} Bb6 {[%emt 0:02:26]} 25. Rad1 {[%emt 0:00:30]} h5 {[%emt 0:03:02]} 26. Ne3 {[%emt 0:00:51]} Rge5 {[%emt 0:04:41]} 27. h4 {[%emt 0:02:21]} Nd6 {[%emt 0:06:08]} 28. g3 {[%emt 0:00:56]} Bxd4 {[%emt 0:03:15]} 29. cxd4 {[%emt 0:00:49]} Re4 {[%emt 0:00:10]} 30. Ng2 {[%emt 0:00:29]} Rxe1+ {[%emt 0:02:27]} 31. Nxe1 {[%emt 0:00:04]} Re4 {[%emt 0:00:45]} 32. Ng2 {[%emt 0:00:46]} Nf5 {[%emt 0:01:53]} 33. Qb3 {[%emt 0:01:20]} Qc6 {[%emt 0:01:55]} 34. Nf4 {[%emt 0:00:56]} Nxh4 {[%emt 0:01:53]} 35. Nxd5 {[%emt 0:00:25]} Nf5 {[%emt 0:01:56]} 36. a3 {[%emt 0:00:33]} h4 {[%emt 0:02:20]} 37. Nb4 {[%emt 0:00:30]} Qg6 {[%emt 0:00:46]} 38. Qf3 {[%emt 0:00:31]} Nxd4 {[%emt 0:00:52]} 39. Qd3 {[%emt 0:00:24]} hxg3 {[%emt 0:01:24]} 40. fxg3 {[%emt 0:00:10]} Ne2+ {[%emt 0:30:56]} 41. Kh2 {[%emt 0:04:20]} Nxg3 {[%emt 0:00:00]} 42. Qd8+ {[%emt 0:08:44]} Kh7 {[%emt 0:00:00]} 43. Rg1 {[%emt 0:00:06]} Nf1+ {[%emt 0:00:00]} 0-1

[Event "AUT-ch 2018"]
[Site "Vienna"]
[Date "2018.07.26"]
[Round "6"]
[White "Riemelmoser, Stefan"]
[Black "Schnegg, Anna-Lena"]
[Result "0-1"]
[WhiteElo "2175"]
[BlackElo "2175"]
[Annotator "NA"]
[PlyCount "74"]
[EventDate "2018.07.22"]
[EventType "swiss"]
[EventCountry "AUT"]
[SourceTitle "playchess.com"]
[Source "ChessBase"]
[SourceQuality "1"]
[TimeControl "40/5400+30:1800+30"]

1. e4 {[%emt 0:00:00]} e5 {[%emt 0:00:05]} 2. Nf3 {[%emt 0:00:00]} Nc6 {[%emt 0:00:05]} 3. Bb5 {[%emt 0:00:00]} a6 {[%emt 0:00:05]} 4. Ba4 {[%emt 0:00:02]} Nf6 {[%emt 0:00:05]} 5. O-O {[%emt 0:00:15]} Be7 {[%emt 0:00:06]} 6. Re1 {[%emt 0:00:13]} b5 {[%emt 0:00:05]} 7. Bb3 {[%emt 0:00:11]} d6 {[%emt 0:00:05]} 8. c3 {[%emt 0:00:14]} O-O {[%emt 0:00:07]} 9. h3 {[%emt 0:00:09]} Na5 {[%emt 0:00:04]} 10. Bc2 {[%emt 0:00:10]} c5 {[%emt 0:00:04]} 11. d4 {[%emt 0:00:21]} Qc7 {[%emt 0:00:16]} 12. Nbd2 {[%emt 0:01:11]} Rd8 {[%emt 0:02:32]} 13. d5 {[%emt 0:08:02]} c4 {[%emt 0:00:16]} 14. Nf1 {[%emt 0:03:46]} Nb7 {[%emt 0:00:39]} 15. Ng3 {[%emt 0:03:16]} g6 {[%emt 0:05:39]} 16. Bg5 {[%emt 0:05:11]} Ne8 {[%emt 0:01:00]} 17. Bh6 {[%emt 0:04:08]} Ng7 {[%emt 0:02:00]} 18. Nh2 {[%emt 0:05:30]} f6 {[%emt 0:04:11]} 19. Ng4 {[%emt 0:02:10]} Rf8 {[%emt 0:02:34]} 20. Re3 {[%emt 0:21:46]} Nd8 {[%emt 0:08:16]} 21. h4 {[%emt 0:16:54]} Nf7 {[%emt 0:05:10]} 22. Bxg7 {[%emt 0:09:41]} Kxg7 {[%emt 0:00:17]} 23. a4 {[%emt 0:08:06]} bxa4 {[%emt 0:10:33]} 24. Qe2 {[%emt 0:00:35]} Rb8 {[%emt 0:01:02]} 25. Rxa4 {[%emt 0:03:03]} Rxb2 {[%emt 0:05:25]} 26. Rxc4 {[%emt 0:00:17]} Qa5 {[%emt 0:02:35]} 27. Nf5+ {[%emt 0:03:48]} gxf5 {[%emt 0:08:30]} 28. exf5 {[%emt 0:01:19]} Bxf5 {[%emt 0:04:48]} 29. Rg3 {[%emt 0:00:09]} Kh8 {[%emt 0:03:31]} 30. Ne3 {[%emt 0:00:46]} Bxc2 {[%emt 0:08:08]} 31. Nxc2 {[%emt 0:00:20]} f5 {[%emt 0:02:40]} 32. Qd3 {[%emt 0:02:22]} e4 {[%emt 0:03:54]} 33. Qd4+ {[%emt 0:01:13]} Ne5 {[%emt 0:00:06]} 34. Nb4 {[%emt 0:01:17]} Rb1+ {[%emt 0:01:17]} 35. Kh2 {[%emt 0:00:04]} Qa1 {[%emt 0:00:21]} 36. Rg5 {[%emt 0:01:00]} Rh1+ {[%emt 0:00:10]} 37. Kg3 {[%emt 0:00:03]} f4# {[%emt 0:00:40]} 0-1

[Event "AUT-ch 2018"]
[Site "Vienna"]
[Date "2018.07.26"]
[Round "6"]
[White "Jakits, Leopold"]
[Black "Gerhold, Michael"]
[Result "1/2-1/2"]
[WhiteElo "2161"]
[BlackElo "2254"]
[Annotator "NA"]
[PlyCount "107"]
[EventDate "2018.07.22"]
[EventType "swiss"]
[EventCountry "AUT"]
[SourceTitle "playchess.com"]
[Source "ChessBase"]
[SourceQuality "1"]
[TimeControl "40/5400+30:1800+30"]

1. c4 {[%emt 0:00:00]} c5 {[%emt 0:00:52]} 2. g3 {[%emt 0:00:04]} Nc6 {[%emt 0:01:49]} 3. Bg2 {[%emt 0:00:08]} g6 {[%emt 0:00:05]} 4. Nf3 {[%emt 0:00:37]} Bg7 {[%emt 0:00:17]} 5. O-O {[%emt 0:00:04]} d6 {[%emt 0:00:32]} 6. Nc3 {[%emt 0:00:38]} Nh6 {[%emt 0:02:24]} 7. d3 {[%emt 0:02:01]} O-O {[%emt 0:00:17]} 8. Rb1 {[%emt 0:07:36]} Bd7 {[%emt 0:03:55]} 9. a3 {[%emt 0:03:51]} Nf5 {[%emt 0:00:52]} 10. Bd2 {[%emt 0:14:35]} a5 {[%emt 0:04:14]} 11. b3 {[%emt 0:01:19]} Rb8 {[%emt 0:00:54]} 12. e3 {[%emt 0:07:32]} Ne5 {[%emt 0:03:43]} 13. Nxe5 {[%emt 0:02:25]} dxe5 {[%emt 0:00:28]} 14. b4 {[%emt 0:01:02]} axb4 {[%emt 0:03:13]} 15. axb4 {[%emt 0:00:02]} cxb4 {[%emt 0:01:25]} 16. Rxb4 {[%emt 0:04:36]} Bc6 {[%emt 0:00:08]} 17. Qb1 {[%emt 0:05:15]} Bxg2 {[%emt 0:02:46]} 18. Kxg2 {[%emt 0:00:03]} Qd7 {[%emt 0:00:04]} 19. Rd1 {[%emt 0:22:37]} Rfd8 {[%emt 0:00:33]} 20. Be1 {[%emt 0:00:18]} h5 {[%emt 0:01:02]} 21. Ne4 {[%emt 0:01:37]} Bh6 {[%emt 0:01:48]} 22. Bc3 {[%emt 0:04:39]} f6 {[%emt 0:09:22]} 23. Rb6 {[%emt 0:01:06]} Qc8 {[%emt 0:06:44]} 24. Kh1 {[%emt 0:05:07]} h4 {[%emt 0:02:41]} 25. gxh4 {[%emt 0:07:19]} Nxh4 {[%emt 0:18:27]} 26. Rg1 {[%emt 0:00:13]} Kf7 {[%emt 0:02:26]} 27. c5 {[%emt 0:02:18]} Qf5 {[%emt 0:07:19]} 28. Rg3 {[%emt 0:01:55]} Qh5 {[%emt 0:04:47]} 29. c6 {[%emt 0:00:25]} bxc6 {[%emt 0:00:52]} 30. Rxb8 {[%emt 0:00:19]} Rxb8 {[%emt 0:00:05]} 31. Qxb8 {[%emt 0:00:11]} Qd1+ {[%emt 0:00:13]} 32. Be1 {[%emt 0:00:10]} Qxe1+ {[%emt 0:00:33]} 33. Rg1 {[%emt 0:00:03]} Qa5 {[%emt 0:07:40]} 34. Qb3+ {[%emt 0:00:11]} Qd5 {[%emt 0:00:12]} 35. Rb1 {[%emt 0:01:42]} f5 {[%emt 0:01:09]} 36. Qxd5+ {[%emt 0:00:03]} cxd5 {[%emt 0:00:09]} 37. Nc3 {[%emt 0:03:39]} d4 {[%emt 0:04:47]} 38. exd4 {[%emt 0:00:51]} exd4 {[%emt 0:00:10]} 39. Ne2 {[%emt 0:00:47]} Bg7 {[%emt 0:00:58]} 40. f4 {[%emt 0:00:48]} Bf6 {[%emt 0:36:01]} 41. Kg1 {[%emt 0:31:47]} g5 {[%emt 0:03:28]} 42. Kf2 {[%emt 0:00:00]} g4 {[%emt 0:00:00]} 43. Rb5 {[%emt 0:00:00]} e6 {[%emt 0:00:00]} 44. Rb7+ {[%emt 0:00:00]} Kg6 {[%emt 0:00:00]} 45. Rb6 {[%emt 0:00:00]} Kf7 {[%emt 0:00:00]} 46. Rb7+ {[%emt 0:00:00]} Kg6 {[%emt 0:00:00]} 47. Ng1 {[%emt 0:00:00]} e5 {[%emt 0:00:00]} 48. Kg3 {[%emt 0:00:00]} exf4+ {[%emt 0:00:00]} 49. Kxf4 {[%emt 0:00:00]} Ng2+ {[%emt 0:00:00]} 50. Kg3 {[%emt 0:00:00]} Ne3 {[%emt 0:00:00]} 51. Rb5 {[%emt 0:00:00]} Nf1+ {[%emt 0:00:00]} 52. Kg2 {[%emt 0:00:00]} Ne3+ {[%emt 0:00:00]} 53. Kg3 {[%emt 0:00:00]} Nf1+ {[%emt 0:00:00]} 54. Kg2 {[%emt 0:00:00]} 1/2-1/2

[Event "AUT-ch 2018"]
[Site "Vienna"]
[Date "2018.07.26"]
[Round "6"]
[White "Ager, Josef"]
[Black "Sandhoefner, Florian"]
[Result "1/2-1/2"]
[WhiteElo "2154"]
[BlackElo "2327"]
[Annotator "NA"]
[PlyCount "60"]
[EventDate "2018.07.22"]
[EventType "swiss"]
[EventCountry "AUT"]
[SourceTitle "playchess.com"]
[Source "ChessBase"]
[SourceQuality "1"]
[TimeControl "40/5400+30:1800+30"]

1. Nf3 {[%emt 0:00:00]} Nf6 {[%emt 0:00:01]} 2. g3 {[%emt 0:00:00]} b5 {[%emt 0:00:01]} 3. Bg2 {[%emt 0:00:05]} Bb7 {[%emt 0:00:01]} 4. b3 {[%emt 0:00:47]} e6 {[%emt 0:00:42]} 5. Bb2 {[%emt 0:00:09]} c5 {[%emt 0:00:27]} 6. c4 {[%emt 0:00:37]} a6 {[%emt 0:01:26]} 7. O-O {[%emt 0:00:17]} Be7 {[%emt 0:00:04]} 8. Qc2 {[%emt 0:02:19]} Nc6 {[%emt 0:01:35]} 9. Nc3 {[%emt 0:04:19]} b4 {[%emt 0:02:33]} 10. Na4 {[%emt 0:01:01]} O-O {[%emt 0:01:41]} 11. d4 {[%emt 0:01:00]} cxd4 {[%emt 0:00:51]} 12. Nxd4 {[%emt 0:00:08]} Nxd4 {[%emt 0:00:29]} 13. Bxd4 {[%emt 0:00:06]} Bxg2 {[%emt 0:00:06]} 14. Kxg2 {[%emt 0:00:14]} d5 {[%emt 0:01:09]} 15. Rfd1 {[%emt 0:02:33]} Qc7 {[%emt 0:02:16]} 16. Rac1 {[%emt 0:00:49]} dxc4 {[%emt 0:03:29]} 17. Qxc4 {[%emt 0:00:17]} Qb7+ {[%emt 0:00:52]} 18. Qc6 {[%emt 0:00:28]} Qxc6+ {[%emt 0:00:32]} 19. Rxc6 {[%emt 0:00:12]} Rfd8 {[%emt 0:00:50]} 20. Rcc1 {[%emt 0:06:10]} h6 {[%emt 0:02:59]} 21. Nb6 {[%emt 0:03:47]} Rab8 {[%emt 0:01:25]} 22. Nc4 {[%emt 0:02:50]} Rbc8 {[%emt 0:05:06]} 23. f3 {[%emt 0:07:57]} Kf8 {[%emt 0:06:02]} 24. e4 {[%emt 0:00:30]} Ke8 {[%emt 0:02:55]} 25. Kf1 {[%emt 0:01:10]} Rc7 {[%emt 0:07:07]} 26. Ke2 {[%emt 0:02:08]} Rcd7 {[%emt 0:00:43]} 27. Bb2 {[%emt 0:01:42]} Rxd1 {[%emt 0:00:33]} 28. Rxd1 {[%emt 0:00:01]} Rxd1 {[%emt 0:00:09]} 29. Kxd1 {[%emt 0:00:10]} g6 {[%emt 0:00:20]} 30. Ke2 {[%emt 0:00:49]} Nd7 1/2-1/2

[Event "AUT-ch 2018"]
[Site "Vienna"]
[Date "2018.07.26"]
[Round "6"]
[White "Ebner, Johann"]
[Black "Hofegger, Jakob"]
[Result "1/2-1/2"]
[WhiteElo "2147"]
[BlackElo "2147"]
[Annotator "NA"]
[PlyCount "84"]
[EventDate "2018.07.22"]
[EventType "swiss"]
[EventCountry "AUT"]
[SourceTitle "playchess.com"]
[Source "ChessBase"]
[SourceQuality "1"]
[TimeControl "40/5400+30:1800+30"]

1. d4 {[%emt 0:00:00]} Nf6 {[%emt 0:00:30]} 2. c4 {[%emt 0:00:30]} g6 {[%emt 0:00:30]} 3. Nc3 {[%emt 0:00:30]} Bg7 {[%emt 0:00:30]} 4. e4 {[%emt 0:00:30]} d6 {[%emt 0:00:30]} 5. Be2 {[%emt 0:00:50]} O-O {[%emt 0:00:05]} 6. Bg5 {[%emt 0:00:05]} h6 {[%emt 0:00:04]} 7. Be3 {[%emt 0:00:07]} c5 {[%emt 0:00:04]} 8. d5 {[%emt 0:00:09]} e6 {[%emt 0:00:12]} 9. h3 {[%emt 0:00:24]} exd5 {[%emt 0:00:31]} 10. exd5 {[%emt 0:03:09]} Re8 {[%emt 0:04:05]} 11. Nf3 {[%emt 0:02:16]} Bf5 {[%emt 0:00:36]} 12. Bd3 {[%emt 0:07:58]} Ne4 {[%emt 0:02:20]} 13. Nxe4 {[%emt 0:01:38]} Bxe4 {[%emt 0:00:04]} 14. Bxe4 {[%emt 0:08:27]} Rxe4 {[%emt 0:00:13]} 15. Qc2 {[%emt 0:02:52]} Re7 {[%emt 0:02:08]} 16. O-O {[%emt 0:00:34]} Nd7 {[%emt 0:01:26]} 17. Rfe1 {[%emt 0:01:27]} Qc7 {[%emt 0:04:21]} 18. Bd2 {[%emt 0:03:03]} Rae8 {[%emt 0:00:51]} 19. Rxe7 {[%emt 0:00:44]} Rxe7 {[%emt 0:00:04]} 20. Re1 {[%emt 0:00:43]} Nf6 {[%emt 0:00:52]} 21. Bc3 {[%emt 0:07:21]} a6 {[%emt 0:03:07]} 22. a4 {[%emt 0:08:40]} Rxe1+ {[%emt 0:04:43]} 23. Nxe1 {[%emt 0:01:30]} Qd7 {[%emt 0:01:01]} 24. b3 {[%emt 0:00:51]} Qe7 {[%emt 0:05:09]} 25. Nf3 {[%emt 0:06:50]} Qe4 {[%emt 0:07:08]} 26. Qxe4 {[%emt 0:04:18]} Nxe4 {[%emt 0:00:04]} 27. Bxg7 {[%emt 0:05:55]} Kxg7 {[%emt 0:00:05]} 28. Kf1 {[%emt 0:00:23]} f5 {[%emt 0:01:17]} 29. Ke2 {[%emt 0:00:32]} Kf6 {[%emt 0:00:32]} 30. Ke3 {[%emt 0:01:09]} b6 {[%emt 0:04:56]} 31. Ne1 {[%emt 0:07:53]} Ng5 {[%emt 0:10:36]} 32. f4 {[%emt 0:01:20]} Ne4 {[%emt 0:02:24]} 33. Nf3 {[%emt 0:05:25]} Ng3 {[%emt 0:01:57]} 34. h4 {[%emt 0:04:44]} Nh5 {[%emt 0:04:39]} 35. Nd2 {[%emt 0:05:09]} g5 {[%emt 0:04:02]} 36. fxg5+ {[%emt 0:01:20]} hxg5 {[%emt 0:00:38]} 37. g4 {[%emt 0:06:17]} Ng3 {[%emt 0:12:46]} 38. hxg5+ {[%emt 0:00:52]} Kxg5 {[%emt 0:00:11]} 39. gxf5 {[%emt 0:02:27]} Nxf5+ {[%emt 0:01:41]} 40. Kd3 {[%emt 0:00:01]} Kf4 {[%emt 0:31:02]} 41. Ne4 {[%emt 0:30:30]} Ke5 {[%emt 0:03:50]} 42. Ng5 {[%emt 0:00:43]} a5 {[%emt 0:00:00] Ke4+} 1/2-1/2

[Event "AUT-ch 2018"]
[Site "Vienna"]
[Date "2018.07.26"]
[Round "6"]
[White "Trippold, Denise"]
[Black "Hatzl, Johannes"]
[Result "0-1"]
[WhiteElo "2138"]
[BlackElo "2068"]
[Annotator "NA"]
[PlyCount "126"]
[EventDate "2018.07.22"]
[EventType "swiss"]
[EventCountry "AUT"]
[SourceTitle "playchess.com"]
[Source "ChessBase"]
[SourceQuality "1"]
[TimeControl "40/5400+30:1800+30"]

1. d4 {[%emt 0:00:00]} Nf6 {[%emt 0:00:19]} 2. c4 {[%emt 0:00:00]} e6 {[%emt 0:00:17]} 3. g3 {[%emt 0:00:26]} d5 {[%emt 0:00:38]} 4. Bg2 {[%emt 0:00:07]} Be7 {[%emt 0:00:34]} 5. Nf3 {[%emt 0:00:07]} O-O {[%emt 0:00:54]} 6. O-O {[%emt 0:01:12]} dxc4 {[%emt 0:00:52]} 7. Qc2 {[%emt 0:00:38]} a6 {[%emt 0:00:52]} 8. a4 {[%emt 0:00:44]} Bd7 {[%emt 0:01:38]} 9. Qxc4 {[%emt 0:08:17]} Bc6 {[%emt 0:00:59]} 10. Nc3 {[%emt 0:07:53]} b5 {[%emt 0:03:33]} 11. Qd3 {[%emt 0:01:33]} b4 {[%emt 0:01:06]} 12. Nb1 {[%emt 0:00:11]} Be4 {[%emt 0:04:09]} 13. Qd1 {[%emt 0:14:30]} c5 {[%emt 0:07:19]} 14. Nbd2 {[%emt 0:00:11]} Bb7 {[%emt 0:02:12]} 15. dxc5 {[%emt 0:05:59]} Nbd7 {[%emt 0:06:34]} 16. Nd4 {[%emt 0:08:16]} Bxg2 {[%emt 0:01:02]} 17. Kxg2 {[%emt 0:00:06]} Nxc5 {[%emt 0:00:35]} 18. N2b3 {[%emt 0:09:46]} Qd5+ {[%emt 0:06:13]} 19. f3 {[%emt 0:10:42]} Rfd8 {[%emt 0:08:00]} 20. Be3 {[%emt 0:00:48]} Qe5 {[%emt 0:15:04]} 21. Bf4 {[%emt 0:12:24]} Qh5 {[%emt 0:00:24]} 22. g4 {[%emt 0:03:16]} Nxg4 {[%emt 0:02:59]} 23. fxg4 {[%emt 0:00:10]} Qxg4+ {[%emt 0:00:09]} 24. Bg3 {[%emt 0:08:55]} Qe4+ {[%emt 0:03:53]} 25. Rf3 {[%emt 0:02:13]} Nxb3 {[%emt 0:00:45]} 26. Qxb3 {[%emt 0:00:33]} Rxd4 {[%emt 0:01:19]} 27. Raf1 {[%emt 0:00:54]} Qxe2+ {[%emt 0:02:46]} 28. R1f2 {[%emt 0:00:11]} Qe4 {[%emt 0:00:16]} 29. Kg1 {[%emt 0:00:17]} Rad8 {[%emt 0:02:53]} 30. Rf1 {[%emt 0:04:10]} Rd2 {[%emt 0:03:42]} 31. Be1 {[%emt 0:00:22]} Bc5+ {[%emt 0:01:32]} 32. Bf2 {[%emt 0:00:27]} Bxf2+ {[%emt 0:00:23]} 33. R3xf2 {[%emt 0:00:16]} Rxf2 {[%emt 0:00:54]} 34. Rxf2 {[%emt 0:00:16]} Qg4+ {[%emt 0:00:17]} 35. Qg3 {[%emt 0:00:36]} Qxg3+ {[%emt 0:02:33]} 36. hxg3 {[%emt 0:00:01]} g5 {[%emt 0:00:14]} 37. Rc2 {[%emt 0:00:22]} a5 {[%emt 0:00:22]} 38. Rc5 {[%emt 0:00:48]} Rd5 {[%emt 0:00:04]} 39. Rb5 {[%emt 0:00:35]} Kg7 {[%emt 0:00:26]} 40. Kf2 {[%emt 0:00:03]} Rd2+ {[%emt 0:30:28]} 41. Ke3 {[%emt 0:30:07]} Rxb2 {[%emt 0:00:04]} 42. Rxg5+ {[%emt 0:00:11]} Kf6 {[%emt 0:00:12]} 43. Rxa5 {[%emt 0:00:04]} Ra2 {[%emt 0:00:22]} 44. Kd3 {[%emt 0:00:23]} Ra3+ {[%emt 0:02:30]} 45. Kc4 {[%emt 0:00:27]} Rxg3 {[%emt 0:00:02]} 46. Kxb4 {[%emt 0:00:13]} Rg4+ {[%emt 0:00:09]} 47. Kb3 {[%emt 0:00:26]} e5 {[%emt 0:04:09]} 48. Rb5 {[%emt 0:02:44]} h5 {[%emt 0:05:17]} 49. a5 {[%emt 0:00:38]} Rg8 {[%emt 0:00:30]} 50. a6 {[%emt 0:00:00]} Ra8 {[%emt 0:00:00]} 51. Ra5 {[%emt 0:00:00]} Kf5 {[%emt 0:00:00]} 52. Ra4 {[%emt 0:00:00]} e4 {[%emt 0:00:00]} 53. Kc3 {[%emt 0:00:00]} Kf4 {[%emt 0:00:00]} 54. Kd2 {[%emt 0:00:00]} h4 {[%emt 0:00:00]} 55. Ra3 {[%emt 0:00:00]} h3 {[%emt 0:00:00]} 56. Rxh3 {[%emt 0:00:00]} Rxa6 {[%emt 0:00:00]} 57. Ke1 {[%emt 0:00:00]} Ra1+ {[%emt 0:00:00]} 58. Kf2 {[%emt 0:00:00]} Ra2+ {[%emt 0:00:00]} 59. Ke1 {[%emt 0:00:00]} f5 {[%emt 0:00:00]} 60. Rb3 {[%emt 0:00:00]} e3 {[%emt 0:00:00]} 61. Rb5 {[%emt 0:00:00]} Ke4 {[%emt 0:00:00]} 62. Rb4+ {[%emt 0:00:00]} Kf3 {[%emt 0:00:00]} 63. Rb1 {[%emt 0:00:00]} Rh2 {[%emt 0:00:00]} 0-1

[Event "AUT-ch 2018"]
[Site "Vienna"]
[Date "2018.07.26"]
[Round "6"]
[White "Hapala, Elisabeth"]
[Black "Ehs, Dominik"]
[Result "1-0"]
[WhiteElo "2131"]
[BlackElo "2097"]
[Annotator "NA"]
[PlyCount "81"]
[EventDate "2018.07.22"]
[EventType "swiss"]
[EventCountry "AUT"]
[SourceTitle "playchess.com"]
[Source "ChessBase"]
[SourceQuality "1"]
[TimeControl "40/5400+30:1800+30"]

1. e4 {[%emt 0:00:00]} e5 {[%emt 0:00:07]} 2. Nf3 {[%emt 0:00:00]} Nf6 {[%emt 0:00:06]} 3. Nxe5 {[%emt 0:00:00]} d6 {[%emt 0:00:06]} 4. Nf3 {[%emt 0:00:00]} Nxe4 {[%emt 0:00:05]} 5. Nc3 {[%emt 0:10:48]} Nxc3 {[%emt 0:00:41]} 6. dxc3 {[%emt 0:00:05]} Be7 {[%emt 0:00:07]} 7. Be3 {[%emt 0:00:26]} Nc6 {[%emt 0:00:16]} 8. Qd2 {[%emt 0:00:47]} Be6 {[%emt 0:00:29]} 9. O-O-O {[%emt 0:03:03]} a5 {[%emt 0:00:06]} 10. Kb1 {[%emt 0:00:44]} a4 {[%emt 0:00:07]} 11. Nd4 {[%emt 0:11:41]} Nxd4 {[%emt 0:07:17]} 12. Bxd4 {[%emt 0:00:37]} O-O {[%emt 0:03:34]} 13. c4 {[%emt 0:04:43]} Bf6 {[%emt 0:04:41]} 14. Qc3 {[%emt 0:01:29]} Bxd4 {[%emt 0:00:41]} 15. Qxd4 {[%emt 0:00:49]} a3 {[%emt 0:07:46]} 16. b3 {[%emt 0:00:12]} Qg5 {[%emt 0:14:01]} 17. Bd3 {[%emt 0:08:53]} Qe5 {[%emt 0:08:55]} 18. Qxe5 {[%emt 0:05:03]} dxe5 {[%emt 0:00:08]} 19. Rde1 {[%emt 0:00:04]} Ra5 {[%emt 0:05:44]} 20. b4 {[%emt 0:04:23]} Ra4 {[%emt 0:01:17]} 21. c3 {[%emt 0:00:06]} Rd8 {[%emt 0:08:05]} 22. Kc2 {[%emt 0:09:17]} b5 {[%emt 0:01:52]} 23. Rxe5 {[%emt 0:07:30]} bxc4 {[%emt 0:03:14]} 24. Be2 {[%emt 0:00:14]} Ra6 {[%emt 0:03:58]} 25. Rc5 {[%emt 0:03:45]} Rad6 {[%emt 0:02:12]} 26. Rd1 {[%emt 0:00:15]} Rxd1 {[%emt 0:00:25]} 27. Bxd1 {[%emt 0:00:04]} g6 {[%emt 0:01:36]} 28. Rxc7 {[%emt 0:02:11]} Bf5+ {[%emt 0:01:28]} 29. Kc1 {[%emt 0:00:05]} Rd3 {[%emt 0:06:32]} 30. Rxc4 {[%emt 0:04:10]} Be6 {[%emt 0:00:05]} 31. Rc7 {[%emt 0:00:24]} Bxa2 {[%emt 0:00:09]} 32. Bc2 {[%emt 0:01:36]} Rd6 {[%emt 0:01:07]} 33. Ra7 {[%emt 0:00:32]} Bc4 {[%emt 0:00:26]} 34. Rxa3 {[%emt 0:00:29]} Re6 {[%emt 0:00:55]} 35. Bb3 {[%emt 0:02:40]} Re1+ {[%emt 0:01:21]} 36. Kd2 {[%emt 0:00:01]} Re2+ {[%emt 0:00:07]} 37. Kd1 {[%emt 0:00:02]} Bd3 {[%emt 0:00:07]} 38. Ra2 {[%emt 0:00:41]} Re5 {[%emt 0:01:05]} 39. Rd2 {[%emt 0:01:35]} Bf1 {[%emt 0:00:10]} 40. Bd5 {[%emt 0:01:47]} Kf8 {[%emt 0:30:50]} 41. c4 {[%emt 0:30:18]} 1-0

[Event "AUT-ch 2018"]
[Site "Vienna"]
[Date "2018.07.26"]
[Round "6"]
[White "Froewis, Annika"]
[Black "Högl, Emanuel"]
[Result "1-0"]
[WhiteElo "2128"]
[BlackElo "2128"]
[Annotator "NA"]
[PlyCount "51"]
[EventDate "2018.07.22"]
[EventType "swiss"]
[EventCountry "AUT"]
[SourceTitle "playchess.com"]
[Source "ChessBase"]
[SourceQuality "1"]
[TimeControl "40/5400+30:1800+30"]

1. e4 {[%emt 0:00:00]} c6 {[%emt 0:00:04]} 2. Nf3 {[%emt 0:00:00]} d5 {[%emt 0:00:04]} 3. Nc3 {[%emt 0:00:00]} Bg4 {[%emt 0:01:11]} 4. h3 {[%emt 0:01:35]} Bxf3 {[%emt 0:02:20]} 5. Qxf3 {[%emt 0:00:42]} dxe4 {[%emt 0:00:47]} 6. Nxe4 {[%emt 0:01:19]} e6 {[%emt 0:00:54]} 7. c3 {[%emt 0:03:40]} Nd7 {[%emt 0:04:49]} 8. d4 {[%emt 0:01:07]} Ngf6 {[%emt 0:00:52]} 9. Ng3 {[%emt 0:08:05]} Bd6 {[%emt 0:18:07]} 10. Bd3 {[%emt 0:01:26]} Qc7 {[%emt 0:06:15]} 11. O-O {[%emt 0:04:17]} O-O-O {[%emt 0:05:36]} 12. b4 {[%emt 0:11:18]} Rdg8 {[%emt 0:01:58]} 13. Bg5 {[%emt 0:14:51]} h6 {[%emt 0:02:01]} 14. Bxf6 {[%emt 0:02:01]} Nxf6 {[%emt 0:00:29]} 15. b5 {[%emt 0:04:28]} c5 {[%emt 0:03:09]} 16. a4 {[%emt 0:02:25]} Bxg3 {[%emt 0:46:11]} 17. fxg3 {[%emt 0:00:06]} cxd4 {[%emt 0:00:48]} 18. cxd4 {[%emt 0:00:59]} Kb8 {[%emt 0:00:05]} 19. a5 {[%emt 0:01:22]} Rc8 {[%emt 0:03:20]} 20. b6 {[%emt 0:11:12]} axb6 {[%emt 0:00:10]} 21. a6 {[%emt 0:00:08]} bxa6 {[%emt 0:01:12]} 22. Bxa6 {[%emt 0:00:34]} Rcd8 {[%emt 0:00:30]} 23. Rfc1 {[%emt 0:03:04]} Qd7 {[%emt 0:00:30]} 24. Qf4+ {[%emt 0:00:11]} Qd6 {[%emt 0:00:30]} 25. Rc8+ {[%emt 0:00:14]} Ka7 {[%emt 0:00:03]} 26. Qxd6 {[%emt 0:02:15]} 1-0